000 00520nam a22001937a 4500
005 20220727121446.0
008 220726b ||||| |||| 00| 0 eng d
040 _cAL
041 _aEnglish
082 _223
_a294.55
_bMALV
100 _aS S Malwad
_953516
245 _aVirasaivism and Vacanakaras
260 _aBangalore
_bBasava Samiti
_c1992
300 _a58 p.
_bPB
_c21x13 cm.
650 _aVirasaivism
_953517
650 _aVacanakaras of Karnataka
_953518
700 _aMALWAD (S S)
_953519
942 _2ddc
_cGF
999 _c224210
_d224210